AFRICAN theatre Shakespeare in and out of Africa
Tallennettuna:
| Aineistotyyppi: | Kirja |
|---|---|
| Kieli: | englanti |
| Julkaistu: |
: James Currey
, 2013
|
| Tagit: |
Lisää tagi
Ei tageja, Lisää ensimmäinen tagi!
|
MARC
| LEADER | 00000nam a22000007a 4500 | ||
|---|---|---|---|
| 008 | 210525b ||||| |||| 00| 0 eng d | ||
| 020 | |a ISBN: 978-1-84701-080-3 | ||
| 245 | |a AFRICAN theatre |b Shakespeare in and out of Africa |g . Xiv, 194p.; ill. | ||
| 250 | |c volume editor, Jane Plastow; reviews editor, Martin Banham | ||
| 260 | |b : James Currey |c , 2013 |h Woodbridge Suffolk |i 694231 |i 694236 |l PR3109 .Af8 |m Shakespeare, William, 1564-1616 –Dramatic production. |m Shakespeare, William, 1564 – 1616 -- Appreciation - - Africa |m Shakespeare, William, 1564 – 1616 -- Stage history -- Africa |m Theatre – Production and direction – Africa. |m Plastow, Jane. II. Banham, Martin. III. Series | ||
| 500 | |a [African theatre 12] | ||
| 942 | |a lcc |c BK |e j o ifatola |f 25/ 05/ 2021 | ||
| 952 | |0 0 |1 0 |2 lcc |4 0 |6 PR3109 A F8 |7 0 |9 2429 |a HOL |b HOL |c LP |d 2021-05-25 |l 0 |o PR3109 .Af8 |p 2021-6280 |r 2021-05-25 00:00:00 |w 2021-05-25 |y BK | ||
| 952 | |0 0 |1 0 |2 lcc |4 0 |6 PR3109 A F8 |7 0 |9 2430 |a HOL |b ART |c LP |d 2021-05-25 |l 0 |o PR3109 .Af8 |p 2021-6281 |r 2021-05-25 00:00:00 |w 2021-05-25 |y BK | ||
| 999 | |c 1267 |d 1267 | ||